| 000 | 00528nam a2200157 a 4500 | ||
|---|---|---|---|
| 001 | 000039474 | ||
| 005 | 20201002031653.0 | ||
| 008 | 130702s2000 dr 000 0 spa d | ||
| 040 |
_aDO-SdBNP _bspa _cBNPHU |
||
| 100 | 1 |
_aInoa P., Ángel _cEligio _919081 |
|
| 245 | 1 | 0 |
_aEnsancha tu territorio : _bun desafío de guerra espiritual / _cÁngel Inoa P. |
| 260 |
_aSanto Domingo : _bAmalba, _c2000. |
||
| 300 |
_a108 p. ; _c23 cm. |
||
| 500 | _aIncluye datos biográficos del autor en las solapas | ||
| 504 | _aBibliografía : p. 105-108 | ||
| 999 |
_c38964 _d38964 |
||